000 02268nam a22001577a 4500
041 _aukr
080 _a09
090 _bПОХ
100 _aПохилюк Н.П.
245 _aКомунікативна спрямованість фразеологічних одиниць в англомовному політичному дискурсі (на матеріалі американського журналу "Foreign Affairs")
260 _aОстрог
_bКАФ
_c2007
300 _a53
520 _aВСТУП. Розділ 1. Дискурс в сучасній лінгвістичній науці. 1.1. Трактування дискурсу в сучасній лінгвістичній науці. 1.2.Основні характеристики дискурсу. 1.3. Лексико стилістичні особливості політичного дискурсу. Розділ 2 Функції публіцистичних текстів. 2.1. Комунікативна сппрямованість політичного тексту. 2.2. Прагматична функція. 2.3. Експресивна функція. 2.4. Оцінна функція. Розділ 3. Фразеологізми як показник комунікативної спрямованності політичних текстів американської публіцистики. 3.1. Поняття та особливості фразеологічної одиниці. 3.2. Тематична класифікація фразеологічних одиниць в англомовному політичному дискурсі. 3.2.1. Суспільнополітичне життя МОРЕ. 3.2.2. Суспільнополітичне життя ВІЙНА. 3.2.3. Суспільнополітичне життя ДОРОГА. 3.2.4. Суспільнополітичне життя ГРОШІ. 3.2.5. Суспільнополітичне життя СПОРТ. 3.2.6. Суспільнополітичне життя КУХНЯ. 3.2.7. Суспільнополітичне життя РЕЛІГІЯ. ВИСНОВКИ.
_0фразеологічні одиниці, політичний дискурс
650 _aResearch Papers
999 _c283899
_d283899
942 _cBK